Modern Britain, 1885-1955 / (Record no. 24860)
[ view plain ]
| 000 -LEADER | |
|---|---|
| fixed length control field | 00985nam a22003011 4500 |
| 001 - CONTROL NUMBER | |
| control field | 24860 |
| 003 - CONTROL NUMBER IDENTIFIER | |
| rucl marc code | BD-RjUL |
| 005 - DATE AND TIME OF LATEST TRANSACTION | |
| control field | 20211209001116.0 |
| 008 - FIXED-LENGTH DATA ELEMENTS--GENERAL INFORMATION | |
| fixed length control field | 140315s1960 stkabcf b 001 0 eng c |
| 035 ## - SYSTEM CONTROL NUMBER | |
| System control number | (BD-RjUL)24929 |
| System control number | (OCoLC)407522 |
| 040 ## - CATALOGING SOURCE | |
| Original cataloging agency | Rochester. Univ. Libr. |
| Transcribing agency | ODaWU |
| Modifying agency | OCoLC |
| -- | Uk |
| -- | DLC |
| -- | BD-RjUL |
| Language of cataloging | eng |
| 041 ## - LANGUAGE CODE | |
| Language code of text/sound track or separate title | eng |
| 082 ## - DEWEY DECIMAL CLASSIFICATION NUMBER | |
| Classification number | 942.082 |
| Author mark and year | PEM 1960 |
| 100 1# - MAIN ENTRY--PERSONAL NAME | |
| Personal name | Pelling, Henry. |
| 9 (RLIN) | 10433 |
| 245 10 - TITLE STATEMENT | |
| Title | Modern Britain, 1885-1955 / |
| Statement of responsibility, etc. | Henry Pelling |
| 260 ## - PUBLICATION, DISTRIBUTION, ETC. (IMPRINT) | |
| Place of publication, distribution, etc. | Edinburgh : |
| Name of publisher, distributor, etc. | T. Nelson, |
| Date of publication, distribution, etc. | c1960. |
| 300 ## - PHYSICAL DESCRIPTION | |
| Pagination | xii, 212 p. : |
| Illustrations | ill., plates, ports., maps, diagrs., tables. ; |
| Size | 23 cm. |
| 490 1# - SERIES STATEMENT | |
| Series statement | A History of England, |
| Volume/sequential designation | v. 8 |
| 504 ## - BIBLIOGRAPHY, ETC. NOTE | |
| Bibliography, etc | Bibliography: p. 199-201. and index. |
| 651 #0 - SUBJECT ADDED ENTRY--GEOGRAPHIC NAME | |
| Geographic name | Great Britain |
| General subdivision | History |
| Chronological subdivision | Victoria, 1837-1901. |
| 9 (RLIN) | 76508 |
| Geographic name | Great Britain |
| General subdivision | History |
| Chronological subdivision | 20th century. |
| 9 (RLIN) | 17470 |
| 830 #0 - SERIES ADDED ENTRY--UNIFORM TITLE | |
| Volume number/sequential designation | v. 8. |
| Uniform title | History of England series ; |
| 942 ## - ADDED ENTRY ELEMENTS (KOHA) | |
| Source of classification or shelving scheme | Dewey Decimal Classification |
| Koha item type | Books |
| Lost status | Source of classification or shelving scheme | Damaged status | Not for loan | Collection code | Permanent Location | Current Location | Shelving location | Date acquired | Source of acquisition | Cost, normal purchase price | Total Checkouts | Full call number | Date last seen | Copy number | Koha item type |
|---|---|---|---|---|---|---|---|---|---|---|---|---|---|---|---|
| Dewey Decimal Classification | Added to bundle | Non-fiction | Central Library, University of Rajshahi | Central Library, University of Rajshahi | Reading Room | 25/10/1962 | Zitlinger | 18.00 | 942.082 PEM 1960 | 15/03/2014 | C-1 | Books |